The wellsprings of the Pentecostal movement. (Record no. 14167)

000 -LEADER
fixed length control field 00951nam a2200229 a 4500
001 - CONTROL NUMBER
control field :::00011991$&:&@@
003 - CONTROL NUMBER IDENTIFIER
control field OkBaRHE
005 - DATE AND TIME OF LATEST TRANSACTION
control field 20110421130702.0
008 - FIXED-LENGTH DATA ELEMENTS--GENERAL INFORMATION
fixed length control field s1968 j 000 0 eng u
040 ## - CATALOGING SOURCE
Transcribing agency
100 1# - MAIN ENTRY--PERSONAL NAME
Personal name Womack, David A.
245 14 - TITLE STATEMENT
Title The wellsprings of the Pentecostal movement.
Statement of responsibility, etc Written in cooperation with the Committee on Advance for the General Council of the Assemblies of God.
260 ## - PUBLICATION, DISTRIBUTION, ETC. (IMPRINT)
Place of publication, distribution, etc Springfield, MO., :
Name of publisher, distributor, etc Gospel Publishing House
Date of publication, distribution, etc c1968
300 ## - PHYSICAL DESCRIPTION
Extent 96 p. ;
Dimensions 21 cm.
650 ## - SUBJECT ADDED ENTRY--TOPICAL TERM
Topical term or geographic name as entry element Church
650 ## - SUBJECT ADDED ENTRY--TOPICAL TERM
Topical term or geographic name as entry element Pentecostal Churches
700 ## - ADDED ENTRY--PERSONAL NAME
Personal name Assemblies of God. Committee on Advance.
700 ## - ADDED ENTRY--PERSONAL NAME
Personal name Assemblies of God. General Council.
942 ## - ADDED ENTRY ELEMENTS (KOHA)
Source of classification or shelving scheme
Koha item type Books
Copies
Full call number Lost status Damaged status Withdrawn status Permanent Location Copy number Shelving location Koha item type Source of classification or shelving scheme Current Location Not for loan Date acquired Price effective from Date last seen Barcode Total Checkouts Date checked out
BX 8763 .W65   RHEMA Bible Training College1General StacksBooks   2010-04-142010-04-142010-04-1411991  
BX 8763 .W65   RHEMA Bible Training College2General StacksBooks RHEMA Bible Training College 2010-04-142010-04-142011-04-210002022312011-04-14